[Event "Beijing Sportaccord blizt (Women)"]
[Site "Beijing"]
[Date "2013.12.16"]
[Round "23"]
[White "Hou, Yifan"]
[Black "Muzychuk, Anna"]
[Result "0-1"]
[WhiteElo "2629"]
[BlackElo "2566"]
[PlyCount "89"]
[EventDate "2013.12.14"]
[EventType "tourn (blitz)"]
[EventRounds "30"]
[EventCountry "CHN"]
[EventCategory "12"]
[SourceDate "2014.01.01"]

1. e4 d5 2. exd5 Nf6 3. d4 Bg4 4. Nf3 Qxd5 5. Be2 Nc6 6. c4 Qh5 7. Be3 O-O-O 8.
O-O e5 9. d5 e4 10. Qa4 exf3 11. dxc6 fxe2 12. Re1 Bd6 13. h3 Bxh3 14. cxb7+
Kxb7 15. Qxa7+ Kc8 16. gxh3 Qg6+ 17. Kh1 Qe4+ 18. Kg1 Ng4 19. Qa6+ Kd7 20. Qb5+
c6 21. Qb7+ Ke6 22. Bf4 Qxf4 23. Rxe2+ Kf6 24. Qxc6 Ne5 25. Qg2 Nf3+ 26. Kf1
Rhe8 27. Nc3 Rxe2 28. Nxe2 Nd2+ 29. Kg1 Qf3 30. Ng3 Qxg2+ 31. Kxg2 Bxg3 32.
Kxg3 Nxc4 33. b3 Nd6 34. a4 Rb8 35. Rb1 Ne4+ 36. Kf4 Nc5 37. a5 Rb5 38. b4 Na6
39. Rd1 Rxb4+ 40. Ke3 Ke6 41. Rc1 Kd5 42. Rc8 Rb7 43. Ra8 Nc7 44. Rd8+ Ke5 45.
Rd7 0-1

[Event "BL2-West 1213"]
[Site "Germany"]
[Date "2012.10.14"]
[Round "1.2"]
[White "Jakubiec, Artur"]
[Black "Fridman, Rafael"]
[Result "1/2-1/2"]
[WhiteElo "2532"]
[BlackElo "2508"]
[PlyCount "86"]
[EventDate "2012.10.14"]
[EventType "team-tourn"]
[EventRounds "9"]
[EventCountry "GER"]
[Source "ChessBase"]
[SourceDate "2013.06.25"]
[WhiteTeam "Aachen Aufwaerts"]
[BlackTeam "Bochum SG"]
[WhiteTeamCountry "GER"]
[BlackTeamCountry "GER"]

1. e4 d5 2. exd5 Qxd5 3. Nf3 Nf6 4. d4 Bg4 5. Be2 e6 6. h3 Bh5 7. O-O c6 8. c4
Qd8 9. Qb3 Qb6 10. Qxb6 axb6 11. Be3 Nbd7 12. Nc3 Bb4 13. Rfc1 O-O 14. a3 Bd6
15. Rd1 Rfd8 16. g4 Bg6 17. Nh4 Ne4 18. Rac1 Nxc3 19. Rxc3 Rdc8 20. Nxg6 hxg6
21. Rb3 Ra5 22. Kg2 Rc7 23. h4 Kf8 24. Rc3 Ra8 25. Bf3 Re8 26. Rb3 e5 27. dxe5
Bxe5 28. Bxb6 Nxb6 29. Rxb6 Ke7 30. Rb3 Rd8 31. Re3 f6 32. b3 Rxd1 33. Bxd1 Kf7
34. Rd3 Re7 35. Bf3 Ke6 36. b4 Rd7 37. Rxd7 Kxd7 38. Be4 g5 39. Bf5+ Kd6 40.
c5+ Kc7 41. h5 Bb2 42. a4 Ba3 43. b5 cxb5 1/2-1/2

[Event "CRO-chT1A 21st"]
[Site "Sibenik"]
[Date "2012.09.24"]
[Round "2.22"]
[White "Hracek, Zbynek"]
[Black "Muse, Mladen"]
[Result "1/2-1/2"]
[WhiteElo "2619"]
[BlackElo "2449"]
[PlyCount "42"]
[EventDate "2012.09.23"]
[EventType "team-tourn"]
[EventRounds "9"]
[EventCountry "CRO"]
[Source "ChessBase"]
[SourceDate "2012.10.19"]
[WhiteTeam "Osijek"]
[BlackTeam "Mravince"]
[WhiteTeamCountry "CRO"]
[BlackTeamCountry "CRO"]

1. e4 d5 2. exd5 Qxd5 3. Nf3 Nf6 4. d4 Bg4 5. Be2 Nc6 6. O-O O-O-O 7. Be3 Bxf3
8. Bxf3 Qd6 9. c3 e5 10. Na3 Qe6 11. Qa4 exd4 12. cxd4 Nd5 13. Nc4 Kb8 14. Rfe1
Qd7 15. Qb3 Bb4 16. Rec1 Rhe8 17. Ne5 Nxe5 18. dxe5 Nxe3 19. Qxe3 Ba5 20. Qe4
c6 21. Qxh7 g6 1/2-1/2

[Event "Hofheim op"]
[Site "Hofheim"]
[Date "2013.04.04"]
[Round "5"]
[White "Das, Arghyadip"]
[Black "Boidman, Yuri"]
[Result "1-0"]
[WhiteElo "2484"]
[BlackElo "2415"]
[PlyCount "49"]
[EventDate "2013.04.02"]
[EventType "swiss"]
[EventRounds "9"]
[EventCountry "GER"]
[Source "ChessBase"]
[SourceDate "2013.04.22"]

1. e4 d5 2. exd5 Nf6 3. Nf3 Bg4 4. d4 Qxd5 5. Be2 Nc6 6. c4 Qf5 7. Nbd2 O-O-O
8. h3 Bxf3 9. Nxf3 e5 10. d5 Bb4+ 11. Kf1 e4 12. g4 Qd7 13. Nh4 Ne5 14. g5 Ne8
15. Qd4 f6 16. Qxa7 c6 17. Bf4 Qd6 18. Bg4+ Kc7 19. Nf5 Qc5 20. Qxc5 Bxc5 21.
Nxg7 Nxg7 22. gxf6 Bd6 23. fxg7 Rhe8 24. c5 Bxc5 25. g8=Q 1-0

[Event "Tashkent zt 3.4"]
[Site "Tashkent"]
[Date "2009.06.19"]
[Round "4"]
[White "Khamrakulov, Dzhurabek"]
[Black "Ismagambetov, Anuar"]
[Result "1-0"]
[WhiteElo "2524"]
[BlackElo "2525"]
[PlyCount "69"]
[EventDate "2009.06.17"]
[EventType "tourn"]
[EventRounds "13"]
[EventCountry "UZB"]
[EventCategory "9"]
[Source "ChessBase"]
[SourceDate "2009.09.03"]

1. e4 d5 2. exd5 Nf6 3. d4 Bg4 4. Nf3 Qxd5 5. Be2 Nc6 6. h3 Bh5 7. c4 Qd6 8. d5
Bxf3 9. Bxf3 Ne5 10. O-O O-O-O 11. Bf4 Nxf3+ 12. Qxf3 e5 13. Be3 e4 14. Qf5+
Qd7 15. Qxd7+ Nxd7 16. Nc3 f5 17. Bd4 Rg8 18. f3 exf3 19. Rxf3 g6 20. Re1 a6
21. Kf1 Bd6 22. a3 Rdf8 23. b4 Re8 24. Rfe3 Rxe3 25. Rxe3 Kd8 26. c5 Bf4 27.
Re2 Bg5 28. a4 Re8 29. Rxe8+ Kxe8 30. c6 bxc6 31. dxc6 Nf8 32. b5 axb5 33. a5
b4 34. Nd5 Ne6 35. a6 1-0

[Event "Belgrade-chT"]
[Site "Belgrade"]
[Date "2008.10.13"]
[Round "9"]
[White "Blesic, Vaso"]
[Black "Karaklajic, Nikola"]
[Result "0-1"]
[WhiteElo "2301"]
[BlackElo "2303"]
[PlyCount "84"]
[EventDate "2008.10.05"]
[EventType "tourn"]
[EventRounds "9"]
[EventCountry "YUG"]
[Source "ChessBase"]
[SourceDate "2008.11.26"]

1. e4 d5 2. exd5 Nf6 3. Bb5+ Bd7 4. Be2 Nxd5 5. d4 b5 6. Nf3 e6 7. O-O Bd6 8.
Ne5 O-O 9. a4 b4 10. Nd2 Nc6 11. Ndf3 h6 12. Qd3 Be8 13. Bd2 a5 14. c4 bxc3 15.
bxc3 Nb6 16. Ng4 f5 17. Ne3 Ne7 18. Nc4 Bc6 19. Nfe5 Be4 20. Qg3 Rf6 21. f3
Nxc4 22. Bxc4 Bd5 23. Bxd5 exd5 24. Bf4 Bxe5 25. Bxe5 Rg6 26. Qh4 Rc6 27. Rfe1
Ng6 28. Qg3 Qh4 29. Bxc7 Qxg3 30. Bxg3 Rxc3 31. Bd6 Rc2 32. Rac1 Rac8 33. Re8+
Rxe8 34. Rxc2 Re1+ 35. Kf2 Ra1 36. Rc5 Rxa4 37. Rxd5 f4 38. g3 Ra2+ 39. Kg1 a4
40. Bxf4 Nxf4 41. gxf4 Rd2 42. Rd7 a3 0-1

[Event "Keres Memorial rap qual 23rd"]
[Site "Tallinn"]
[Date "2014.01.11"]
[Round "5"]
[White "Sveshnikov, Evgeny"]
[Black "Shishkov, Andrei"]
[Result "1/2-1/2"]
[WhiteElo "2528"]
[BlackElo "2385"]
[PlyCount "77"]
[EventDate "2014.01.10"]
[EventType "swiss (rapid)"]
[EventRounds "7"]
[EventCountry "EST"]
[SourceDate "2014.01.22"]

1. e4 d5 2. exd5 Nf6 3. Bb5+ Bd7 4. Bc4 Bg4 5. f3 Bc8 6. Nc3 Nbd7 7. d4 Nb6 8.
Bb3 Nbxd5 9. Nxd5 Nxd5 10. c4 Nf6 11. Ne2 e6 12. O-O Be7 13. Be3 O-O 14. Nc3 b6
15. Qe2 Ba6 16. Qf2 Qd7 17. Rfd1 Rfd8 18. Rac1 Qe8 19. Ba4 Qf8 20. Bc6 Rac8 21.
Ne4 Rb8 22. Qc2 Bb7 23. Qa4 Bxc6 24. Qxc6 Rbc8 25. a3 Qe8 26. Qxe8+ Nxe8 27. b4
h6 28. g4 Nf6 29. Kf2 Kf8 30. Ke2 Nxe4 31. fxe4 Bg5 32. Rc3 Bxe3 33. Kxe3 Ke7
34. Rcd3 c6 35. Kd2 e5 36. Ke3 exd4+ 37. Rxd4 Rxd4 38. Rxd4 c5 39. Rd3 1/2-1/2

[Event "ISL-chT 1213"]
[Site "Reykjavik"]
[Date "2013.03.02"]
[Round "6.4"]
[White "Oleksienko, Mikhailo"]
[Black "Olafsson, David"]
[Result "1/2-1/2"]
[WhiteElo "2539"]
[BlackElo "2321"]
[PlyCount "113"]
[EventDate "2012.10.05"]
[EventType "team-tourn"]
[EventRounds "7"]
[EventCountry "ISL"]
[Source "ChessBase"]
[SourceDate "2013.11.20"]
[WhiteTeam "Taflfelag Reykjavikur"]
[BlackTeam "Hellir"]
[WhiteTeamCountry "ISL"]
[BlackTeamCountry "ISL"]

1. e4 d5 2. exd5 Nf6 3. Bb5+ Bd7 4. Bc4 b5 5. Bb3 Bg4 6. Nf3 Nxd5 7. Nc3 c6 8.
h3 Bxf3 9. Qxf3 e6 10. O-O Be7 11. Bxd5 exd5 12. d4 O-O 13. a4 b4 14. Ne2 Nd7
15. a5 Rc8 16. Bd2 Re8 17. Rfd1 Bd6 18. Nc1 Nf8 19. Nb3 Re6 20. Re1 Rf6 21. Qd3
Ne6 22. Be3 Rg6 23. Nd2 c5 24. dxc5 Bxc5 25. Nf3 Qf6 26. Kf1 h6 27. Qxd5 Bxe3
28. Rxe3 Qxb2 29. Qe5 Qxc2 30. Qe4 Qb2 31. Rb1 Rc1+ 32. Re1 Qxb1 33. Qxb1 Rxb1
34. Rxb1 Rf6 35. Rxb4 Rf5 36. Rb8+ Kh7 37. Rb7 Rxa5 38. Rxf7 Kg6 39. Rd7 Ra1+
40. Ne1 Kf6 41. Ke2 Nf4+ 42. Kf3 Rxe1 43. Kxf4 Re7 44. Rd6+ Re6 45. Rd7 Re7 46.
Rd8 Rb7 47. Kg4 g6 48. Rd6+ Kf7 49. Ra6 Kg7 50. f4 Rf7 51. g3 Rb7 52. Ra5 Kf6
53. Ra6+ Kg7 54. Kh4 Rf7 55. Ra4 Kg8 56. g4 Rxf4 57. Rxf4 1/2-1/2

[Event "Hastings Masters op"]
[Site "Hastings"]
[Date "2009.01.01"]
[Round "5"]
[White "Berg, Emanuel"]
[Black "Bergez, Luc"]
[Result "1-0"]
[WhiteElo "2623"]
[BlackElo "2356"]
[PlyCount "47"]
[EventDate "2008.12.28"]
[EventType "swiss"]
[EventRounds "9"]
[EventCountry "ENG"]
[Source "ChessBase"]
[SourceDate "2009.03.05"]

1. e4 d5 2. exd5 Nf6 3. Bb5+ Bd7 4. Bc4 Bg4 5. f3 Bf5 6. Nc3 a6 7. g4 Bc8 8. g5
Nh5 9. d4 b5 10. Bb3 g6 11. Nge2 Bg7 12. Nf4 Nxf4 13. Bxf4 Nd7 14. Qd2 Nb6 15.
Be5 O-O 16. Qf4 Ra7 17. a3 Qd7 18. h4 Bb7 19. Bxg7 Kxg7 20. h5 Raa8 21. O-O-O
Rad8 22. hxg6 fxg6 23. Qe5+ Kg8 24. Rxh7 1-0

[Event "CRO-chT (Women) 17th"]
[Site "Sibenik"]
[Date "2008.10.05"]
[Round "9"]
[White "Repkova, Eva"]
[Black "Muzychuk, Anna"]
[Result "0-1"]
[WhiteElo "2403"]
[BlackElo "2504"]
[PlyCount "36"]
[EventDate "2008.09.27"]
[EventType "team-tourn"]
[EventRounds "9"]
[EventCountry "CRO"]
[Source "ChessBase"]
[SourceDate "2008.11.05"]

1. e4 d5 2. exd5 Nf6 3. Bb5+ Bd7 4. Bc4 Bg4 5. f3 Bf5 6. c3 a6 7. a4 Nbd7 8. d3
Nb6 9. Qb3 Qd7 10. Be3 Nxc4 11. dxc4 O-O-O 12. Na3 e6 13. O-O-O exd5 14. g4 Bg6
15. g5 Bxa3 16. gxf6 Qe6 17. Bd2 dxc4 18. Qa2 Rxd2 0-1

[Event "Internet Section 17-A"]
[Site "Dos Hermanas"]
[Date "2003.03.17"]
[Round "9"]
[White "Balogh, Csaba"]
[Black "Galego, Luis"]
[Result "1-0"]
[WhiteElo "2448"]
[BlackElo "2518"]
[PlyCount "63"]
[EventDate "2003.03.17"]
[EventType "swiss (blitz)"]
[EventRounds "9"]
[EventCountry "ESP"]
[Source "ChessBase"]
[SourceDate "2003.11.25"]

1. e4 d5 2. exd5 Nf6 3. Bb5+ Bd7 4. Bc4 Bg4 5. f3 Bf5 6. Nc3 a6 7. d4 Nbd7 8.
Nge2 Nb6 9. Bb3 Nbxd5 10. Nxd5 Nxd5 11. Nf4 Nxf4 12. Bxf4 e6 13. Qd2 a5 14. a4
c6 15. O-O-O Qb6 16. g4 Bg6 17. Qe3 O-O-O 18. Be5 h5 19. h3 Qb4 20. f4 hxg4 21.
hxg4 Rxh1 22. Rxh1 c5 23. f5 exf5 24. gxf5 Bxf5 25. Qf3 Be6 26. Bxe6+ fxe6 27.
Qf7 Qb6 28. Rh8 Bd6 29. Qxe6+ Kc7 30. Rxd8 Kxd8 31. Qxd6+ Qxd6 32. Bxd6 1-0

[Event "Asia U20 op"]
[Site "Sharjah"]
[Date "2013.04.06"]
[Round "9"]
[White "Hosseinipour, Mehdi"]
[Black "Iyti, Basher"]
[Result "1-0"]
[WhiteElo "2251"]
[BlackElo "2292"]
[PlyCount "79"]
[EventDate "2013.03.30"]
[EventType "swiss"]
[EventRounds "9"]
[EventCountry "UAE"]
[Source "ChessBase"]
[SourceDate "2013.04.22"]

1. e4 d5 2. exd5 Nf6 3. Bb5+ Bd7 4. Bc4 Bg4 5. f3 Bf5 6. Nc3 a6 7. Bb3 c6 8.
dxc6 Nxc6 9. d3 e5 10. Be3 Bb4 11. Nge2 O-O 12. O-O Re8 13. Ne4 Nd5 14. Bf2 Bg6
15. c3 Bf8 16. d4 exd4 17. Nxd4 Ne5 18. Ne2 Bxe4 19. fxe4 Nf6 20. Ng3 Qc7 21.
Bd4 Rad8 22. Qe2 Rd7 23. Rad1 Red8 24. Kh1 Nfg4 25. h3 Nf6 26. Nh5 Nxh5 27.
Qxh5 Nc4 28. e5 Qc6 29. Qg4 b5 30. Rde1 Re8 31. Bc2 Rde7 32. Be4 Qc8 33. Bf5
Qc7 34. e6 fxe6 35. Rxe6 Nd6 36. Rxe7 Qxe7 37. Bd3 h6 38. Qg6 Ne4 39. Bxe4 Qxe4
40. Rxf8+ 1-0

[Event "EU-Cup Gr4"]
[Site "Balatonbereny"]
[Date "1994.??.??"]
[Round "?"]
[White "Sveshnikov, Evgeny"]
[Black "Lalic, Bogdan"]
[Result "1/2-1/2"]
[WhiteElo "2585"]
[BlackElo "2530"]
[PlyCount "103"]
[EventDate "1994.??.??"]
[EventType "team-tourn"]
[EventRounds "3"]
[EventCountry "HUN"]
[Source "ChessBase"]
[SourceDate "1994.12.01"]

1. e4 d5 2. exd5 Nf6 3. Bb5+ Bd7 4. Bc4 b5 5. Bb3 Bg4 6. f3 Bc8 7. Nc3 a6 8.
Nge2 g6 9. d4 Bg7 10. Bg5 Bb7 11. Nf4 O-O 12. O-O Nbd7 13. a4 h6 14. Bxf6 Nxf6
15. axb5 axb5 16. Rxa8 Bxa8 17. d6 e6 18. dxc7 Qxc7 19. Nd3 Qb6 20. Ne2 Nd5 21.
Bxd5 Bxd5 22. Kh1 Bxd4 23. Nxd4 Qxd4 24. Qc1 Rc8 25. Nf4 b4 26. Rd1 Qc4 27. c3
bxc3 28. bxc3 Qxc3 29. Qxc3 Rxc3 30. Nxd5 exd5 31. Kg1 Rc5 32. g4 Kg7 33. Kf2
Kf6 34. f4 Ke6 35. Rd3 Rc2+ 36. Kg3 Re2 37. h4 Kd6 38. Kf3 Re7 39. Rd1 Kc5 40.
Rc1+ Kb4 41. f5 gxf5 42. gxf5 d4 43. f6 Re6 44. Rc7 Rxf6+ 45. Ke4 Rd6 46. Kd3
f6 47. Rh7 Kc5 48. Rxh6 Kd5 49. Rh8 Ke5 50. h5 f5 51. h6 Re6 52. Rh7 1/2-1/2

[Event "Sydney op"]
[Site "Parramatta"]
[Date "2010.04.09"]
[Round "5"]
[White "Li, Chao B"]
[Black "Smerdon, David"]
[Result "1-0"]
[WhiteElo "2613"]
[BlackElo "2530"]
[PlyCount "49"]
[EventDate "2010.04.07"]
[EventType "swiss"]
[EventRounds "9"]
[EventCountry "AUS"]
[Source "ChessBase"]
[SourceDate "2010.05.04"]

1. e4 d5 2. exd5 Nf6 3. Bb5+ Nbd7 4. c4 a6 5. Bxd7+ Qxd7 6. d4 c6 7. Nf3 cxd5
8. Ne5 Qf5 9. O-O dxc4 10. Nc3 b5 11. b3 h5 12. bxc4 e6 13. cxb5 Ng4 14. b6
Nxe5 15. dxe5 Qxe5 16. b7 Bxb7 17. Qa4+ Kd8 18. Rd1+ Bd6 19. Bf4 Qxc3 20. Rac1
Qxc1 21. Rxc1 Bxf4 22. Qxf4 Rc8 23. Qd6+ Ke8 24. Rxc8+ Bxc8 25. Qc7 1-0

[Event "Boeblingen op 26th"]
[Site "Boeblingen"]
[Date "2009.12.30"]
[Round "8"]
[White "Velicka, Petr"]
[Black "Dausch, Rene"]
[Result "1-0"]
[WhiteElo "2480"]
[BlackElo "2373"]
[PlyCount "87"]
[EventDate "2009.12.26"]
[EventType "swiss"]
[EventRounds "9"]
[EventCountry "GER"]
[Source "ChessBase"]
[SourceDate "2010.03.03"]

1. e4 d5 2. exd5 Nf6 3. Bb5+ Nbd7 4. c4 a6 5. Ba4 b5 6. cxb5 Nxd5 7. Nf3 N5b6
8. Bc2 axb5 9. d4 Bb7 10. Nc3 b4 11. Ne4 b3 12. Bd3 Rxa2 13. Rb1 Qa8 14. Nc3
Ra5 15. Qxb3 Bxf3 16. gxf3 Qxf3 17. Be4 Qh5 18. Bf4 e5 19. dxe5 Qg4 20. Bg3
Nxe5 21. O-O Bd6 22. f4 Nec4 23. Bc6+ Kf8 24. Rbe1 g5 25. Ne4 gxf4 26. Nxd6
Nxd6 27. Rxf4 Qh5 28. Rf2 Rg8 29. Kh1 Nbc4 30. Qb8+ Kg7 31. Qxc7 Nf5 32. Bf3
Nxg3+ 33. Qxg3+ Qg5 34. Qh3 Ne3 35. Be4 Kf8 36. Qc8+ Kg7 37. Qc3+ Kh6 38. Rf6+
Kh5 39. Bf3+ Kh4 40. Qd4+ Kh3 41. Rxf7 h5 42. Bg4+ Kh4 43. Be6+ Ng4 44. Bxg4
1-0

[Event "SWE-chT 0607"]
[Site "Sweden"]
[Date "2007.03.03"]
[Round "8"]
[White "Cicak, Slavko"]
[Black "Johansson, Mikael"]
[Result "1-0"]
[WhiteElo "2569"]
[BlackElo "2370"]
[PlyCount "71"]
[EventDate "2006.10.20"]
[EventType "team-tourn"]
[EventRounds "11"]
[EventCountry "SWE"]
[Source "ChessBase"]
[SourceDate "2008.11.26"]
[WhiteTeam "Skara"]
[BlackTeam "Astorp"]
[WhiteTeamCountry "SWE"]
[BlackTeamCountry "SWE"]

1. e4 d5 2. exd5 Nf6 3. Bb5+ Nbd7 4. c4 a6 5. Ba4 b5 6. cxb5 Nxd5 7. Nc3 N5b6
8. Bc2 axb5 9. Nxb5 Ba6 10. Nc3 e5 11. Nge2 Qh4 12. O-O O-O-O 13. a4 Nf6 14. a5
Nbd5 15. Bf5+ Kb8 16. Ra4 Nb4 17. Na2 c5 18. Nxb4 cxb4 19. d4 Bd6 20. d5 Qc4
21. Ng3 Nxd5 22. Re1 Bb5 23. Ra1 Bc7 24. a6 g6 25. Bg4 Qc5 26. a7+ Ka8 27. Bg5
f5 28. Rc1 Qxf2+ 29. Kxf2 Bb6+ 30. Kf3 fxg4+ 31. Ke4 Nc3+ 32. bxc3 Bc6+ 33.
Kxe5 Bc7+ 34. Kf6 Rdf8+ 35. Kg7 h5 36. Qb3 1-0

[Event "Reggio Emilia 49th"]
[Site "Reggio Emilia"]
[Date "2007.01.03"]
[Round "5"]
[White "Shytaj, Luca"]
[Black "Landa, Konstantin"]
[Result "1/2-1/2"]
[WhiteElo "2441"]
[BlackElo "2570"]
[PlyCount "30"]
[EventDate "2006.12.30"]
[EventType "tourn"]
[EventRounds "9"]
[EventCountry "ITA"]
[EventCategory "10"]
[Source "ChessBase"]
[SourceDate "2007.03.07"]

1. e4 d5 2. exd5 Nf6 3. c4 e6 4. dxe6 Bxe6 5. d4 Bb4+ 6. Bd2 Qe7 7. Bxb4 Qxb4+
8. Qd2 Nc6 9. d5 O-O-O 10. Nc3 Na5 11. Nd1 Qa4 12. Nc3 Qb4 13. Nd1 Qa4 14. Nc3
Qb4 15. Nd1 Qb6 1/2-1/2

[Event "Dos Hermanas Internet qual-D 10th"]
[Site "ICC INT"]
[Date "2009.03.14"]
[Round "8"]
[White "Hess, Robert L"]
[Black "Nureev, Garun"]
[Result "1-0"]
[WhiteElo "2483"]
[BlackElo "2340"]
[PlyCount "77"]
[EventDate "2009.03.14"]
[EventType "swiss (blitz)"]
[EventRounds "12"]
[EventCountry "ESP"]
[Source "ChessBase"]
[SourceDate "2009.11.30"]

1. e4 d5 2. exd5 Nf6 3. c4 e6 4. dxe6 Bxe6 5. d4 Bb4+ 6. Nc3 Ne4 7. Qd3 Bf5 8.
Qe3 O-O 9. Nge2 Re8 10. Qf3 Nxc3 11. bxc3 Qxd4 12. Bd2 Qf6 13. g4 Be4 14. Qxf6
gxf6 15. Rg1 Ba3 16. Bg2 Bd3 17. Be3 Nc6 18. Bd5 Bc2 19. Kd2 Bg6 20. h4 Rad8
21. Nd4 Ne5 22. h5 Bd3 23. g5 f5 24. g6 hxg6 25. hxg6 Rxd5 26. gxf7+ Kxf7 27.
cxd5 Be4 28. Rg5 Bc5 29. Rag1 Bf8 30. Rh5 c5 31. Rh7+ Bg7 32. Rgxg7+ Kf8 33.
Ne6+ Rxe6 34. dxe6 f4 35. e7+ Ke8 36. Rh8+ Kd7 37. e8=Q+ Kd6 38. Qe7+ Kc6 39.
Qxc5# 1-0

[Event "Imperia op 45th"]
[Site "Imperia"]
[Date "2003.09.03"]
[Round "5"]
[White "Di Paolo, Raffaele"]
[Black "Biolek, Richard"]
[Result "0-1"]
[WhiteElo "2323"]
[BlackElo "2449"]
[PlyCount "45"]
[EventDate "2003.08.31"]
[EventType "swiss"]
[EventRounds "9"]
[EventCountry "ITA"]
[Source "ChessBase"]
[SourceDate "2004.11.15"]

1. e4 d5 2. exd5 Nf6 3. c4 e6 4. dxe6 Bxe6 5. d4 Bb4+ 6. Bd2 Qe7 7. Bxb4 Qxb4+
8. Qd2 Nc6 9. Qxb4 Nxb4 10. Na3 O-O-O 11. d5 Bf5 12. f3 c6 13. g4 Nxg4 14. Bh3
Rhe8+ 15. Kd2 Ne3 16. Re1 Nxc4+ 17. Nxc4 Rxd5+ 18. Kc3 Nxa2+ 19. Kb3 Rxe1 20.
Bxf5+ Kc7 21. Kxa2 Rxf5 22. b4 Rg5 23. Nh3 0-1

[Event "Olomouc op"]
[Site "Olomouc"]
[Date "2003.08.04"]
[Round "6"]
[White "Shanava, Konstantine"]
[Black "Sikora Lerch, Jan"]
[Result "0-1"]
[WhiteElo "2415"]
[BlackElo "2324"]
[PlyCount "114"]
[EventDate "2003.07.30"]
[EventType "swiss"]
[EventRounds "9"]
[EventCountry "CZE"]
[Source "ChessBase"]
[SourceDate "2003.09.04"]

1. e4 d5 2. exd5 Nf6 3. c4 e6 4. dxe6 Bxe6 5. d4 Bb4+ 6. Bd2 Bxd2+ 7. Qxd2 Qe7
8. Qe3 Ng4 9. Qa3 Qf6 10. Nf3 Nc6 11. d5 Nd4 12. Qc3 c5 13. Bd3 Nxf3+ 14. gxf3
Qxf3 15. Rf1 Bf5 16. Be2 Qf4 17. Nd2 O-O 18. Qg3 Qxg3 19. hxg3 Rfe8 20. Kd1
Bc2+ 21. Kxc2 Rxe2 22. Rae1 Rae8 23. Rxe2 Rxe2 24. Kd3 Re8 25. Nf3 h5 26. a3 f6
27. b4 b6 28. Nh4 Ne5+ 29. Kc3 cxb4+ 30. axb4 Rc8 31. Nf5 Rxc4+ 32. Kb3 a5 33.
bxa5 bxa5 34. f4 Rb4+ 35. Kc3 Rc4+ 36. Kb3 a4+ 37. Ka3 Nd7 38. Re1 Nb6 39. Re8+
Kh7 40. Re7 Rc3+ 41. Ka2 Nxd5 42. Rxg7+ Kh8 43. Rb7 Rd3 44. Ra7 Nb4+ 45. Kb2
Rb3+ 46. Kc1 a3 47. Ra8+ Kh7 48. Ra7+ Kg8 49. Ra8+ Kf7 50. Ra7+ Ke8 51. Ra8+
Kd7 52. Ra7+ Kd8 53. Ra8+ Kc7 54. Kd2 a2 55. Ra4 Rb1 56. Kc3 Nd5+ 57. Kd4 Rb4+
0-1

[Event "UKR-ch"]
[Site "Alushta"]
[Date "2002.05.05"]
[Round "3"]
[White "Zavgorodniy, Sergiy"]
[Black "Rakhmangulov, Andrei"]
[Result "1-0"]
[WhiteElo "2407"]
[BlackElo "2340"]
[PlyCount "29"]
[EventDate "2002.05.02"]
[EventType "swiss"]
[EventRounds "9"]
[EventCountry "UKR"]
[Source "ChessBase"]
[SourceDate "2002.11.25"]

1. e4 d5 2. exd5 Nf6 3. c4 e6 4. dxe6 Bxe6 5. d4 Bb4+ 6. Bd2 Bxd2+ 7. Qxd2 Qe7
8. Qe3 Ng4 9. Qa3 c5 10. Qxc5 Qxc5 11. dxc5 Na6 12. Nf3 O-O-O 13. Be2 Nb4 14.
Na3 Bxc4 15. Bxc4 1-0

[Event "ROM-chT Div-A"]
[Site "Slanic Moldova"]
[Date "2011.10.05"]
[Round "4"]
[White "Dicu, Razvan Stefan"]
[Black "Florescu, Codrut Constantin"]
[Result "0-1"]
[WhiteElo "2161"]
[BlackElo "2239"]
[PlyCount "34"]
[EventDate "2011.10.03"]
[EventType "team-tourn"]
[EventRounds "9"]
[EventCountry "ROU"]
[Source "ChessBase"]
[SourceDate "2011.10.28"]

1. e4 d5 2. exd5 Nf6 3. c4 e6 4. dxe6 Bxe6 5. d4 Bb4+ 6. Nc3 Ne4 7. Qd3 Bf5 8.
a3 Bxc3+ 9. bxc3 O-O 10. Qf3 Re8 11. Be3 Qd7 12. h3 Nxc3 13. Qxb7 Nc6 14. Qb3
Qxd4 15. Rc1 Rxe3+ 16. fxe3 Qh4+ 17. Kd2 Ne4+ 0-1

[Event "Hoogovens-B"]
[Site "Wijk aan Zee"]
[Date "1989.01.21"]
[Round "5"]
[White "Kuijf, Marinus"]
[Black "Hodgson, Julian M"]
[Result "0-1"]
[WhiteElo "2485"]
[BlackElo "2545"]
[PlyCount "42"]
[EventDate "1989.01.16"]
[EventType "tourn"]
[EventRounds "11"]
[EventCountry "NED"]
[EventCategory "10"]
[Source "ChessBase"]
[SourceDate "1989.10.01"]

1. e4 d5 2. exd5 Nf6 3. c4 e6 4. dxe6 Bxe6 5. d4 Bb4+ 6. Bd2 Qe7 7. Bxb4 Qxb4+
8. Qd2 Nc6 9. Nc3 O-O-O 10. d5 Bg4 11. f3 Rhe8+ 12. Be2 Bf5 13. O-O-O Na5 14.
g4 Bg6 15. Nh3 Nd7 16. Nb1 Qb3 17. Bd3 Qxa2 18. Qb4 Re2 19. Bxe2 Nb3+ 20. Qxb3
Qxb3 21. Rd2 Qe3 0-1

[Event "Budapest FS02 GM"]
[Site "Budapest"]
[Date "2006.02.09"]
[Round "6"]
[White "Vajda, Levente"]
[Black "Muzychuk, Anna"]
[Result "1-0"]
[WhiteElo "2526"]
[BlackElo "2417"]
[PlyCount "99"]
[EventDate "2006.02.04"]
[EventType "tourn"]
[EventRounds "13"]
[EventCountry "HUN"]
[EventCategory "8"]
[Source "ChessBase"]
[SourceDate "2006.03.10"]

1. e4 d5 2. exd5 Nf6 3. c4 e6 4. dxe6 Bxe6 5. Nf3 Nc6 6. d4 Bb4+ 7. Nc3 Qe7 8.
Be3 O-O-O 9. Bd3 Bg4 10. O-O Kb8 11. a3 Bc5 12. Re1 Bxf3 13. gxf3 Qd7 14. d5
Bxe3 15. Rxe3 Nd4 16. Be4 Nf5 17. Bxf5 Qxf5 18. Qd4 h5 19. Nb5 b6 20. Qe5 Qxe5
21. Rxe5 Rde8 22. Rae1 Rxe5 23. Rxe5 Re8 24. f4 a6 25. Nd4 Kc8 26. f3 Kd7 27.
Kf2 g6 28. Ke3 a5 29. Nc6 h4 30. Kd4 Nh5 31. f5 h3 32. fxg6 fxg6 33. Rxe8 Kxe8
34. Ne5 Ng3 35. Ng4 Nf5+ 36. Kd3 Kf7 37. Nf2 Kf6 38. Nxh3 Ke5 39. f4+ Kd6 40.
Ng5 c6 41. dxc6 Kxc6 42. Nf7 Nh4 43. b4 axb4 44. axb4 Kd7 45. Ke4 Ke6 46. Ne5
Kd6 47. h3 Ke6 48. Nf3 Ng2 49. Ne5 Nh4 50. Nxg6 1-0

[Event "Pan American Continental"]
[Site "Sao Paulo"]
[Date "2009.07.26"]
[Round "3"]
[White "Matsuura, Everaldo"]
[Black "Nogueira, Ivan Kuhlmann"]
[Result "1-0"]
[WhiteElo "2491"]
[BlackElo "2335"]
[PlyCount "61"]
[EventDate "2009.07.25"]
[EventType "swiss"]
[EventRounds "11"]
[EventCountry "BRA"]
[Source "ChessBase"]
[SourceDate "2009.11.03"]

1. e4 d5 2. exd5 Nf6 3. c4 e6 4. dxe6 Bxe6 5. Nf3 Nc6 6. d4 Bb4+ 7. Nc3 Qe7 8.
Qe2 Bg4 9. Qxe7+ Bxe7 10. Be3 O-O-O 11. O-O-O Bb4 12. Nb1 a5 13. a3 Bd6 14. Nc3
Nh5 15. c5 Bf4 16. Be2 Rhe8 17. h3 Bf5 18. Bd3 Bxe3+ 19. fxe3 Ng3 20. Rhe1 Bxd3
21. Rxd3 f5 22. Rdd1 g6 23. Kc2 Re7 24. Kb3 Ne4 25. Nxe4 Rxe4 26. Ng5 Re7 27.
d5 Red7 28. Ne6 Re8 29. dxc6 Rxd1 30. Rxd1 Rxe6 31. Rd8+ 1-0